| Поле | Название | Значение |
| |
Тип записи |
a |
| |
Библиографический уровень |
m |
| 001 |
Контрольный номер |
RU/URAIT/589228 |
| 005 |
Дата корректировки |
20260429163657.2 |
| 008 |
Кодируемые данные |
260429s2026 RU y f j 000 0 rus u |
| 020 |
Индекс ISBN |
__ |
| a |
ISBN |
978-5-534-16041-3 |
| c |
Цена, тираж |
849.00 |
| 040 |
Источник каталогиз. |
__ |
| a |
Служба первич. каталог. |
ИКО Юрайт |
| c |
Служба, преобразующая запись |
ИКО Юрайт |
| e |
Правила каталог. |
RCR |
| 041 |
Код языка издания |
__ |
| a |
Код языка текста |
rus |
| 044 |
Код страны публикации |
__ |
| a |
Код страны публикации |
RU |
| 080 |
Индекс УДК |
__ |
| a |
Индекс УДК |
67.017(075.32) |
| 084 |
Индекс другой классификации/Индекс ББК |
__ |
| 2 |
Источник индекса |
rubbk |
| a |
Индекс другой классификации/Индекс ББК |
30.3я723 |
| 100 |
Автор |
__ |
| a |
Автор |
Суворов Э. В. |
| q |
Полное имя |
Суворов Эрнест Витальевич |
| 245 |
Заглавие |
__ |
| a |
Заглавие |
Материаловедение: методы исследования структуры и состава материалов |
| b |
Продолж. заглавия |
учебник для спо |
| c |
Ответственность |
Э. В. Суворов. |
| 250 |
Сведения об издании |
__ |
| g |
|
пер. и доп |
| a |
Основные сведения об издании |
2-е изд. |
| 256 |
Характеристики компьютерного файла |
__ |
| a |
Характеристики компьютерного файла |
Электрон. дан. |
| 260 |
Выходные данные |
__ |
| a |
Место издания |
Москва |
| b |
Издательство |
Юрайт |
| c |
Дата издания |
2026 |
| 300 |
Физическое описание |
__ |
| a |
Объем |
180 с |
| 440 |
Серия |
__ |
| a |
Серия |
Профессиональное образование |
| 500 |
Примечания |
__ |
| a |
Примечание |
URL: https://urait.ru/bcode/589228 (дата обращения: 29.04.2026). |
| 520 |
Аннотация |
__ |
| a |
Аннотация |
С конца прошлого столетия широкое распространение в целом ряде направлений новой техники получили принципиально новые материалы, такие как нанокристаллы, квазикристаллы, фуллерены, магнитные кристаллы с особыми свойствами и др. Изучение их структуры и свойств требует привлечения комплекса разнообразных физических методов исследования, взаимно дополняющих друг друга. Большинство известных в настоящее время экспериментальных методов исследования структуры материалов основано на взаимодействии излучений разной природы с исследуемыми материалами и последующим анализом картин рассеяния. Предлагаемое учебное пособие посвящено дифракционным методам исследования структуры и состава материалов. Необходимость настоящего издания обусловлена прежде всего тем, что учебные пособия по этому направлению в отечественной литературе практически отсутствуют. Автор данной книги — известный специалист в области дифракции рентгеновского излучения на различных структурах, механизмов образования дифракционного изображения дефектов в кристаллах — делает попытку восполнить этот пробел. |
| 538 |
Прим. о системных особенностях |
__ |
| a |
Прим. о системных особенностях |
Режим доступа: Электронно-библиотечная система Юрайт, для авториз. пользователей |
| 653 |
Ключевые слова |
__ |
| a |
Ключевые слова |
Материаловедение |
| 653 |
Ключевые слова |
__ |
| a |
Ключевые слова |
Технические науки |
| 653 |
Ключевые слова |
__ |
| a |
Ключевые слова |
Материаловедение |
| 653 |
Ключевые слова |
__ |
| a |
Ключевые слова |
Основы технологии материалов |
| 653 |
Ключевые слова |
__ |
| a |
Ключевые слова |
Технология конструкционных материалов |
| 653 |
Ключевые слова |
__ |
| a |
Ключевые слова |
Материаловедение. Технология конструкционных материалов |
| 653 |
Ключевые слова |
__ |
| a |
Ключевые слова |
Материаловедение и технология конструкционных материалов |
| 653 |
Ключевые слова |
__ |
| a |
Ключевые слова |
Основы материаловедения |
| 653 |
Ключевые слова |
__ |
| a |
Ключевые слова |
Общее материаловедение и технологии материалов |
| 653 |
Ключевые слова |
__ |
| a |
Ключевые слова |
Основы качественного и количественного анализа природных и промышленных материалов |
| 653 |
Ключевые слова |
__ |
| a |
Ключевые слова |
Проведение качественных и количественных анализов природных и промышленных материалов с применением химических и физико-химических методов анализа |
| 653 |
Ключевые слова |
__ |
| a |
Ключевые слова |
Общее и специальное материаловедение |
| 653 |
Ключевые слова |
__ |
| a |
Ключевые слова |
Материаловедение и технология |
| 653 |
Ключевые слова |
__ |
| a |
Ключевые слова |
Технологии конструкционных материалов |
| 653 |
Ключевые слова |
__ |
| a |
Ключевые слова |
Материаловедение, технологии конструкционных материалов |
| 653 |
Ключевые слова |
__ |
| a |
Ключевые слова |
Материаловедение и ТКМ |
| 653 |
Ключевые слова |
__ |
| a |
Ключевые слова |
Материаловедение и технология материалов |
| 653 |
Ключевые слова |
__ |
| a |
Ключевые слова |
Материаловедение и технология конструктивных материалов |
| 653 |
Ключевые слова |
__ |
| a |
Ключевые слова |
Материаловедение. Общие вопросы |
| 653 |
Ключевые слова |
__ |
| a |
Ключевые слова |
Общее материаловедение |
| 653 |
Ключевые слова |
__ |
| a |
Ключевые слова |
Основы современного материаловедения |
| 653 |
Ключевые слова |
__ |
| a |
Ключевые слова |
Технология конструкционных материалов и материаловедение |
| 653 |
Ключевые слова |
__ |
| a |
Ключевые слова |
Технология материалов и материаловедение |
| 653 |
Ключевые слова |
__ |
| a |
Ключевые слова |
Общее материаловедение и технология материалов |
| 653 |
Ключевые слова |
__ |
| a |
Ключевые слова |
Современное материаловедение |
| 653 |
Ключевые слова |
__ |
| a |
Ключевые слова |
Введение в материаловедение |
| 653 |
Ключевые слова |
__ |
| a |
Ключевые слова |
Материаловедение и ТМ |
| 653 |
Ключевые слова |
__ |
| a |
Ключевые слова |
Инструментальные методы анализа природных и промышленных материалов |
| 653 |
Ключевые слова |
__ |
| a |
Ключевые слова |
Подготовка и ведение технологического процесса производства в литейном производстве черных и цветных металлов (по выбору) |
| 653 |
Ключевые слова |
__ |
| a |
Ключевые слова |
Подготовка и ведение технологического процесса производства в литейном производстве черных и цветных металлов |
| 856 |
Электронный адрес документа |
40 |
| n |
Местонахождение сервера |
Юрайт |
| g |
|
Электронная книга |
| q |
Тип электронного формата |
html |
| h |
Имя пользователя |
ЮРАЙТ |
| v |
Часы доступа к ресурсу |
20271231 |
| 2 |
Способ доступа |
Показать документ |
| x |
Служебное примечание |
https://urait.ru/book/cover/C2D3149A-CA76-4768-977F-2A360AD72D89 |
| u |
URL |
https://urait.ru/bcode/589228 |
| 856 |
Электронный адрес документа |
48 |
| q |
Тип электронного формата |
cover |
| u |
URL |
https://urait.ru/book/cover/C2D3149A-CA76-4768-977F-2A360AD72D89 |
| 911 |
|
__ |
| u |
|
0030=https://urait.ru/bcode/589228 |
| 911 |
|
__ |
| u |
|
073a=9785534160413 |
| u |
|
073d=849.00 |
| 911 |
|
__ |
| u |
|
106a=s |
| 911 |
|
__ |
| u |
|
900l= |
| 952 |
Тип литературы |
__ |
| i |
Дисциплина |
Материаловедение |
| 952 |
Тип литературы |
__ |
| i |
Дисциплина |
Основы технологии материалов |
| 952 |
Тип литературы |
__ |
| i |
Дисциплина |
Технология конструкционных материалов |
| 952 |
Тип литературы |
__ |
| i |
Дисциплина |
Материаловедение. Технология конструкционных материалов |
| 952 |
Тип литературы |
__ |
| i |
Дисциплина |
Материаловедение и технология конструкционных материалов |
| 952 |
Тип литературы |
__ |
| i |
Дисциплина |
Основы материаловедения |
| 952 |
Тип литературы |
__ |
| i |
Дисциплина |
Общее материаловедение и технологии материалов |
| 952 |
Тип литературы |
__ |
| i |
Дисциплина |
Основы качественного и количественного анализа природных и промышленных материалов |
| 952 |
Тип литературы |
__ |
| i |
Дисциплина |
Проведение качественных и количественных анализов природных и промышленных материалов с применением химических и физико-химических методов анализа |
| 952 |
Тип литературы |
__ |
| i |
Дисциплина |
Общее и специальное материаловедение |
| 952 |
Тип литературы |
__ |
| i |
Дисциплина |
Материаловедение и технология |
| 952 |
Тип литературы |
__ |
| i |
Дисциплина |
Технологии конструкционных материалов |
| 952 |
Тип литературы |
__ |
| i |
Дисциплина |
Материаловедение, технологии конструкционных материалов |
| 952 |
Тип литературы |
__ |
| i |
Дисциплина |
Материаловедение и ТКМ |
| 952 |
Тип литературы |
__ |
| i |
Дисциплина |
Материаловедение и технология материалов |
| 952 |
Тип литературы |
__ |
| i |
Дисциплина |
Материаловедение и технология конструктивных материалов |
| 952 |
Тип литературы |
__ |
| i |
Дисциплина |
Материаловедение. Общие вопросы |
| 952 |
Тип литературы |
__ |
| i |
Дисциплина |
Общее материаловедение |
| 952 |
Тип литературы |
__ |
| i |
Дисциплина |
Основы современного материаловедения |
| 952 |
Тип литературы |
__ |
| i |
Дисциплина |
Технология конструкционных материалов и материаловедение |
| 952 |
Тип литературы |
__ |
| i |
Дисциплина |
Технология материалов и материаловедение |
| 952 |
Тип литературы |
__ |
| i |
Дисциплина |
Общее материаловедение и технология материалов |
| 952 |
Тип литературы |
__ |
| i |
Дисциплина |
Современное материаловедение |
| 952 |
Тип литературы |
__ |
| i |
Дисциплина |
Введение в материаловедение |
| 952 |
Тип литературы |
__ |
| i |
Дисциплина |
Материаловедение и ТМ |
| 952 |
Тип литературы |
__ |
| i |
Дисциплина |
Инструментальные методы анализа природных и промышленных материалов |
| 952 |
Тип литературы |
__ |
| i |
Дисциплина |
Подготовка и ведение технологического процесса производства в литейном производстве черных и цветных металлов (по выбору) |
| 952 |
Тип литературы |
__ |
| i |
Дисциплина |
Подготовка и ведение технологического процесса производства в литейном производстве черных и цветных металлов |